[Event "Women's Speed Chess Q7"]
[Site "chess.com INT"]
[Date "2021.06.06"]
[Round "12"]
[White "Balabayeva, Xeniya"]
[Black "Belenkaya, Dina"]
[Result "0-1"]
[WhiteTitle "WFM"]
[BlackTitle "WGM"]
[WhiteElo "2116"]
[BlackElo "2341"]
[WhiteFideId "13719688"]
[BlackFideId "24142654"]
[EventDate "2021.06.06"]

1. e4 d5 2. exd5 Qxd5 3. Nf3 Bg4 4. Be2 Nc6 5. d4 O-O-O 6. Be3 e5 7. c4 Qa5+ 8.
Bd2 Bb4 9. d5 Bxf3 10. Bxf3 Nd4 11. a3 Bxd2+ 12. Nxd2 f5 13. b4 Qa6 14. O-O Nf6
15. Re1 e4 16. Be2 Rhe8 17. Nb3 Nxe2+ 18. Qxe2 f4 19. Qc2 Qd6 20. Nc5 Qe5 21. f3
e3 22. Re2 g5 23. Qa4 Qxa1+ 0-1

[Event "Women's Speed Chess Q7"]
[Site "chess.com INT"]
[Date "2021.06.06"]
[Round "12"]
[White "Komiagina, Maria"]
[Black "Tarasova, Viktoriya"]
[Result "0-1"]
[WhiteTitle "WIM"]
[BlackTitle "WIM"]
[WhiteElo "2241"]
[BlackElo "2226"]
[WhiteFideId "4153987"]
[BlackFideId "4175840"]
[EventDate "2021.06.06"]

1. d4 Nf6 2. Nf3 e6 3. Bf4 d5 4. e3 b6 5. Be2 Bb7 6. O-O Bd6 7. Nbd2 O-O 8. c3
Nbd7 9. Ne5 Qe7 10. Bd3 c5 11. Qe2 c4 12. Bc2 b5 13. f3 a5 14. e4 Nh5 15. Bg3
Nxg3 16. hxg3 Nxe5 17. dxe5 Bxe5 18. f4 Bd6 19. e5 Bc5+ 20. Kh2 h6 21. Qh5 Rfd8
22. Nf3 b4 23. Rad1 bxc3 24. bxc3 Rab8 25. g4 Be3 26. f5 d4 27. cxd4 Bxf3 28.
Rxf3 Bxd4 29. f6 Qc5 30. fxg7 Qxe5+ 31. Kh3 Qxh5+ 32. gxh5 Bxg7 33. Rg3 Rxd1 34.
Bxd1 Kf8 35. Rc3 Bxc3 0-1

[Event "Women's Speed Chess Q7"]
[Site "chess.com INT"]
[Date "2021.06.06"]
[Round "12"]
[White "Sliwicka, Alicja"]
[Black "Shuvalova, Polina"]
[Result "1-0"]
[WhiteTitle "WIM"]
[BlackTitle "IM"]
[WhiteElo "2308"]
[BlackElo "2489"]
[WhiteFideId "1150677"]
[BlackFideId "24171760"]
[EventDate "2021.06.06"]

1. e4 c6 2. d4 d5 3. e5 Bf5 4. c4 e6 5. Nc3 Ne7 6. a3 h6 7. Nf3 dxc4 8. Bxc4 Nd7
9. O-O Nb6 10. Bb3 Ned5 11. Be3 Be7 12. Nd2 O-O 13. Nde4 Nxc3 14. Nxc3 Rc8 15.
g4 Bh7 16. f4 c5 17. dxc5 Bxc5 18. Qf3 Qd3 19. Rae1 Bxe3+ 20. Rxe3 Qd4 21. Kh1
Rfd8 22. f5 exf5 23. gxf5 Nc4 24. Re4 Qd2 25. Rxc4 Rxc4 26. Bxc4 Qxb2 27. e6
fxe6 28. fxe6 Rb8 29. e7+ Kh8 30. Qf8+ Bg8 31. Bxg8 Qxc3 32. Bd5+ Rxf8 33.
exf8=Q+ Kh7 34. Be4+ 1-0

[Event "Women's Speed Chess Q7"]
[Site "chess.com INT"]
[Date "2021.06.06"]
[Round "12"]
[White "Garifullina, Leya"]
[Black "Antolak, Julia"]
[Result "0-1"]
[WhiteTitle "WGM"]
[BlackTitle "WIM"]
[WhiteElo "2399"]
[BlackElo "2309"]
[WhiteFideId "34127035"]
[BlackFideId "1159569"]
[EventDate "2021.06.06"]

1. e4 c5 2. Nf3 e6 3. d4 cxd4 4. Nxd4 Nf6 5. Nc3 d6 6. g4 h6 7. h3 Nc6 8. Bg2
Be7 9. Be3 Qc7 10. Qe2 a6 11. O-O O-O 12. f4 Nxd4 13. Bxd4 e5 14. Be3 exf4 15.
Rxf4 b5 16. a3 Bb7 17. Raf1 Nd7 18. Qf2 Ne5 19. Bd4 Bg5 20. Rf5 Rac8 21. h4 Bd8
22. Qg3 a5 23. g5 hxg5 24. hxg5 b4 25. axb4 axb4 26. Nd5 Bxd5 27. exd5 Qxc2 28.
R5f2 Qg6 29. Bxe5 dxe5 30. Qxe5 Qxg5 31. Qe4 Bb6 32. d6 Rce8 33. Qd5 Qxd5 34.
Bxd5 Re2 35. Bxf7+ Rxf7 36. d7 Rxd7 37. Kg2 Rxf2+ 38. Rxf2 Bxf2 39. Kxf2 Rd2+ 0-1

[Event "Women's Speed Chess Q7"]
[Site "chess.com INT"]
[Date "2021.06.06"]
[Round "12"]
[White "Semenova, Elena1"]
[Black "Frayna, Janelle Mae"]
[Result "0-1"]
[WhiteTitle "WIM"]
[BlackTitle "WGM"]
[WhiteElo "2246"]
[BlackElo "2179"]
[WhiteFideId "24125148"]
[BlackFideId "5212499"]
[EventDate "2021.06.06"]

1. e4 Nf6 2. e5 Nd5 3. d4 d6 4. Nf3 g6 5. c4 Nb6 6. Nc3 Bg7 7. Bd3 O-O 8. h3
dxe5 9. dxe5 Nc6 10. Bf4 Nb4 11. Be2 Qxd1+ 12. Rxd1 Nc2+ 13. Kd2 Nb4 14. Kc1 Be6
15. a3 Nc6 16. Nd5 Rac8 17. Kb1 Rfe8 18. g4 Na5 19. Ne3 Naxc4 20. Nxc4 Bxc4 21.
Bxc4 Nxc4 22. h4 f6 23. e6 Nd6 24. h5 g5 25. Be3 h6 26. Bc5 f5 27. Bxd6 cxd6 28.
gxf5 Rf8 29. Rc1 Rc6 30. Nd2 Rxf5 31. Ne4 Rb5 0-1

[Event "Women's Speed Chess Q7"]
[Site "chess.com INT"]
[Date "2021.06.06"]
[Round "12"]
[White "Bodnaruk, Anastasia"]
[Black "Buksa, Nataliya"]
[Result "0-1"]
[WhiteTitle "IM"]
[BlackTitle "IM"]
[WhiteElo "2446"]
[BlackElo "2413"]
[WhiteFideId "4181751"]
[BlackFideId "14123622"]
[EventDate "2021.06.06"]

1. e4 c5 2. b3 Nc6 3. Bb2 d6 4. Bb5 Qc7 5. Nc3 a6 6. Bxc6+ Qxc6 7. d4 cxd4 8.
Qxd4 Nf6 9. Nge2 g6 10. f3 Bg7 11. Qd2 Be6 12. Nd4 Qd7 13. O-O O-O 14. a4 Rac8
15. Rad1 Qc7 16. Nxe6 fxe6 17. Rf2 Nd7 18. Ne2 Bxb2 19. Qh6 Bg7 20. Qh4 Qxc2 21.
Rdf1 Qc5 22. Qxe7 Rf7 23. Qxe6 Qe5 24. Qg4 Rcf8 25. Kh1 Nf6 26. Qh4 Nh5 27. g3
Qe6 28. g4 Nf4 29. Nxf4 Rxf4 30. Kg2 Qxb3 31. Re1 Be5 32. Rd2 Qxf3+ 0-1

[Event "Women's Speed Chess Q7"]
[Site "chess.com INT"]
[Date "2021.06.06"]
[Round "12"]
[White "Perez Rodriguez, Jennifer"]
[Black "Hng, Mei-En Emmanuelle"]
[Result "1-0"]
[WhiteTitle "WIM"]
[BlackTitle "WFM"]
[WhiteElo "2251"]
[BlackElo "2013"]
[WhiteFideId "3507831"]
[BlackFideId "5804566"]
[EventDate "2021.06.06"]

1. e4 d6 2. d4 Nf6 3. Nc3 g6 4. Be3 Bg7 5. f3 O-O 6. Qd2 Na6 7. h4 h5 8. Nh3 c5
9. Ng5 cxd4 10. Bxd4 Nc5 11. Be2 Ne6 12. Be3 Qa5 13. O-O-O Re8 14. Kb1 Bd7 15.
Nd5 Qxd2 16. Rxd2 Bc6 17. Nxe6 fxe6 18. Nc7 Nd7 19. Nxa8 Rxa8 20. Bd4 e5 21. Be3
Bf6 22. Bc4+ Kg7 23. g3 Nb6 24. Bb3 a5 25. Bxb6 a4 26. Bd5 Bb5 27. c4 Bd7 28.
Rhd1 a3 29. b3 g5 30. hxg5 Bxg5 31. Rf2 Rf8 32. Bxb7 Rb8 33. Bd5 Rxb6 34. f4 Bf6
35. f5 Bg5 36. Rf3 Be8 37. Kc2 Kf6 38. Kd3 Rb8 39. Kc3 Bh6 40. b4 h4 41. gxh4
Bh5 42. Rff1 Bxd1 43. Rxd1 Rg8 44. Rd3 Rg3 45. Rxg3 Bf4 46. Rg6# 1-0

[Event "Women's Speed Chess Q7"]
[Site "chess.com INT"]
[Date "2021.06.06"]
[Round "12"]
[White "Jakubowska, Anna"]
[Black "Petrova, Irina"]
[Result "0-1"]
[WhiteTitle "WIM"]
[BlackTitle "WIM"]
[WhiteElo "2073"]
[BlackElo "2110"]
[WhiteFideId "1121952"]
[BlackFideId "14124122"]
[EventDate "2021.06.06"]

1. e4 d6 2. d4 Nf6 3. Nc3 e5 4. g3 Nbd7 5. Nge2 Be7 6. Bg2 O-O 7. O-O c6 8. a4
Re8 9. h3 Bf8 10. f4 exd4 11. Nxd4 Nc5 12. Re1 Bd7 13. Kh2 a5 14. g4 d5 15. e5
Nfe4 16. Nxe4 Nxe4 17. Bxe4 dxe4 18. Rxe4 Qh4 19. Qe1 Qd8 20. f5 c5 21. Nf3 Bc6
22. Re3 Bxf3 23. Rxf3 Rxe5 24. Qf2 Bd6 25. Bf4 Rd5 26. Re1 Bxf4+ 27. Rxf4 Rd2
28. Re2 Rxe2 29. Qxe2 Qd6 30. Qf2 g5 31. fxg6 hxg6 32. Kg2 Re8 33. Rxf7 Qd5+ 34.
Rf3 Kg7 35. Qh4 Re2+ 36. Kg3 Qd6+ 37. Rf4 Re3+ 38. Kg2 Qxf4 39. Qd8 Qf3+ 40. Kg1
Re1+ 41. Kh2 Re2+ 42. Kg1 Qg2# 0-1

[Event "Women's Speed Chess Q7"]
[Site "chess.com INT"]
[Date "2021.06.06"]
[Round "12"]
[White "Grineva, Marianna"]
[Black "Ortez, Andrea"]
[Result "1-0"]
[WhiteTitle "WFM"]
[BlackTitle "WIM"]
[WhiteElo "2029"]
[BlackElo "1969"]
[WhiteFideId "14102013"]
[BlackFideId "6702392"]
[EventDate "2021.06.06"]

1. e4 c5 2. Nf3 Nc6 3. d4 cxd4 4. Nxd4 g6 5. c4 Nf6 6. Nc3 Nxd4 7. Qxd4 d6 8. f3
Bg7 9. Be3 O-O 10. Qd2 a5 11. Be2 a4 12. Rc1 Qa5 13. O-O Be6 14. Rfd1 Rfc8 15.
b3 axb3 16. axb3 Nd7 17. Kf2 Nc5 18. Qb2 Qb4 19. Bd2 Qxb3 20. Rb1 Qxb2 21. Rxb2
Na4 22. Nxa4 Rxa4 23. Rxb7 Bxc4 24. Bxc4 Raxc4 25. Rxe7 Rc2 26. Ke3 Bh6+ 27. f4
Bg7 28. g3 h5 29. Rd7 Rb8 30. Kd3 Rb3+ 31. Kxc2 Rb2+ 32. Kd3 Rb3+ 33. Kc4 1-0

[Event "Women's Speed Chess Q7"]
[Site "chess.com INT"]
[Date "2021.06.06"]
[Round "12"]
[White "Zaksaite, Salomeja"]
[Black "Golubenko, Valentina"]
[Result "0-1"]
[WhiteTitle "WIM"]
[BlackTitle "WGM"]
[WhiteElo "2202"]
[BlackElo "2209"]
[WhiteFideId "12801496"]
[BlackFideId "4501993"]
[EventDate "2021.06.06"]

1. g3 g6 2. Bg2 Bg7 3. e3 Nf6 4. Ne2 c5 5. O-O d5 6. d4 c4 7. b3 cxb3 8. axb3
O-O 9. c4 Nc6 10. Nbc3 e6 11. Ba3 Re8 12. Nb5 Ne4 13. Bxe4 dxe4 14. Nd6 f5 15.
Nxe8 Qxe8 16. Rc1 e5 17. d5 Nd8 18. c5 Bd7 19. d6 Ne6 20. Nc3 f4 21. Nxe4 Bc6
22. Qc2 Qf7 23. Bb2 Qf5 24. f3 fxe3 25. Qd3 Ng5 26. Qxe3 Nxe4 27. fxe4 Qg4 28.
b4 Bxe4 29. b5 Bd5 30. c6 Qh3 31. Qe2 Bh6 32. c7 Be3+ 33. Rf2 Qg2# 0-1

[Event "Women's Speed Chess Q7"]
[Site "chess.com INT"]
[Date "2021.06.06"]
[Round "12"]
[White "Vine, Elzbieta"]
[Black "Von Herman, Brigitte"]
[Result "0-1"]
[WhiteTitle "WFM"]
[BlackTitle "WFM"]
[WhiteElo "2138"]
[BlackElo "1991"]
[WhiteFideId "1119320"]
[BlackFideId "4628730"]
[EventDate "2021.06.06"]

1. e4 e5 2. Nf3 Nc6 3. Bc4 Nf6 4. d4 Nxe4 5. O-O Be7 6. Bd5 Nf6 7. dxe5 Nxd5 8.
Qxd5 O-O 9. Nc3 d6 10. exd6 Bxd6 11. Qh5 h6 12. Bxh6 gxh6 13. Qxh6 Bf5 14. Ng5
Be5 15. f4 Qf6 16. Qh4 Bxc3 17. bxc3 Rfe8 18. Rf3 Qh8 19. Qxh8+ Kxh8 20. Nxf7+
Kg7 21. Ng5 Re2 22. Rf2 Rae8 23. Raf1 Rxc2 24. Rxc2 Bxc2 25. f5 Re2 26. Rf2 Rxf2
27. Kxf2 Bb1 28. g4 Bxa2 29. Ne4 Ne5 30. g5 c6 31. f6+ Kg6 0-1

[Event "Women's Speed Chess Q7"]
[Site "chess.com INT"]
[Date "2021.06.06"]
[Round "12"]
[White "Kabanova, Ekaterina"]
[Black "Mohota, Nisha"]
[Result "1-0"]
[WhiteTitle "WFM"]
[BlackTitle "IM"]
[WhiteElo "2138"]
[BlackElo "2195"]
[WhiteFideId "24112917"]
[BlackFideId "5004330"]
[EventDate "2021.06.06"]

1. c4 e5 2. e3 Nf6 3. a3 g6 4. Qc2 Bg7 5. b4 O-O 6. Bb2 d6 7. d3 Nc6 8. Nd2 Re8
9. Be2 Be6 10. Ngf3 h6 11. O-O Kh7 12. b5 Ne7 13. d4 exd4 14. Nxd4 Nf5 15. Nxe6
Rxe6 16. Bd3 Ne7 17. Rae1 Qd7 18. f4 Ng4 19. Bxg7 Kxg7 20. e4 f5 21. h3 fxe4 22.
Nxe4 Nf6 23. Qc3 Ng8 24. f5 Re5 25. fxg6 Rae8 26. Ng3 Rxe1 27. Rxe1 Rxe1+ 28.
Qxe1 c6 29. a4 cxb5 30. axb5 Qc7 31. Qc3 Qc5+ 32. Kh2 Qg5 33. Qd4 h5 34. Ne4
Qf4+ 35. Kg1 Qc1+ 36. Bf1 Kxg6 37. Nxd6 1-0

[Event "Women's Speed Chess Q7"]
[Site "chess.com INT"]
[Date "2021.06.06"]
[Round "12"]
[White "Nanditha, V"]
[Black "Torres Hernandez, Leslie Carolin"]
[Result "1-0"]
[WhiteTitle "WCM"]
[BlackTitle "WFM"]
[WhiteElo "1666"]
[BlackElo "1884"]
[WhiteFideId "46626697"]
[BlackFideId "8400504"]
[EventDate "2021.06.06"]

1. e4 c6 2. Nf3 d5 3. exd5 cxd5 4. d4 Nf6 5. Bd3 Nc6 6. c3 Bg4 7. h3 Bh5 8. Bg5
e6 9. Nbd2 Be7 10. Qe2 O-O 11. g4 Bg6 12. Ne5 Bxd3 13. Nxd3 b5 14. f4 b4 15. Ne5
Nxe5 16. fxe5 Nd7 17. Bxe7 Qxe7 18. O-O bxc3 19. bxc3 Rab8 20. Rf3 Rb2 21. a4
Qg5 22. Rd1 Nb6 23. Qe3 Qh4 24. a5 Nc4 25. Nxc4 dxc4 26. Rdf1 h5 27. Rg3 g6 28.
gxh5 Qxh5 29. Rf2 Rfb8 30. Rgg2 Rxf2 31. Rxf2 Rb1+ 32. Kg2 Qd1 33. Qf4 Qg1+ 34.
Kf3 Qd1+ 35. Kg3 Qg1+ 36. Kh4 1-0

[Event "Women's Speed Chess Q7"]
[Site "chess.com INT"]
[Date "2021.06.06"]
[Round "12"]
[White "Head, Louise"]
[Black "Selkirk, Rebecca"]
[Result "1-0"]
[WhiteTitle "WFM"]
[BlackTitle "WCM"]
[WhiteElo "2090"]
[BlackElo "1799"]
[WhiteFideId "424773"]
[BlackFideId "14306514"]
[EventDate "2021.06.06"]

1. d4 d5 2. c4 c6 3. Nf3 Nf6 4. Nc3 e6 5. cxd5 exd5 6. Bg5 Be7 7. Qc2 Bg4 8. Ne5
Nbd7 9. Bxf6 Nxf6 10. Nxg4 Nxg4 11. Qf5 Nf6 12. e3 O-O 13. Be2 Qb6 14. Qc2 Rac8
15. O-O c5 16. Na4 Qa5 17. dxc5 b5 18. Nc3 Rxc5 19. Qb3 b4 20. Nb1 Rfc8 21. Nd2
Rc2 22. Rfd1 Qc7 23. Bd3 Rc1 24. Raxc1 Qxc1 25. Rxc1 Rxc1+ 26. Nf1 d4 27. exd4
a5 28. h3 g6 29. Qa4 Kg7 30. Qxa5 Rd1 31. Be2 Re1 32. Bc4 Ne4 33. Qe5+ Bf6 34.
Qf4 h6 35. Bd3 Ng5 36. h4 Ne6 37. Qd6 Nxd4 38. Qxb4 1-0

[Event "Women's Speed Chess Q7"]
[Site "chess.com INT"]
[Date "2021.06.06"]
[Round "12"]
[White "Nikolova, Adriana"]
[Black "Mkrtchian, Lilit"]
[Result "0-1"]
[WhiteTitle "WGM"]
[BlackTitle "IM"]
[WhiteElo "2243"]
[BlackElo "2388"]
[WhiteFideId "2908689"]
[BlackFideId "13300601"]
[EventDate "2021.06.06"]

1. e4 e6 2. d4 d5 3. Nd2 c5 4. exd5 exd5 5. Ngf3 Nc6 6. Bb5 Qe7+ 7. Be2 Qc7 8.
O-O Nf6 9. Bb5 cxd4 10. Nxd4 Be7 11. N2f3 O-O 12. h3 h6 13. c3 Bc5 14. Ba4 Ne4
15. Bc2 Re8 16. Be3 Bb6 17. a4 a6 18. Qd3 Bd7 19. Nxc6 bxc6 20. Bxb6 Qxb6 21.
Nd4 c5 22. Nf3 Bc6 23. b3 Rad8 24. Nd2 Bb7 25. Kh1 c4 26. bxc4 Nxf2+ 27. Rxf2
Qxf2 28. Qh7+ Kf8 29. Nf3 Re6 30. Bf5 Re2 31. Rg1 dxc4 32. Qh8+ Ke7 33. Qxg7
Bxf3 34. Be4 Bxe4 35. Qg4 Bxg2+ 36. Rxg2 Qxg2+ 37. Qxg2 Rxg2 38. Kxg2 Rd2+ 39.
Kf3 Rc2 40. Ke4 Rxc3 41. Kd4 Ra3 42. h4 Rxa4 43. h5 Ra5 44. Kc3 Rxh5 45. Kxc4 a5
46. Kd4 a4 0-1

[Event "Women's Speed Chess Q7"]
[Site "chess.com INT"]
[Date "2021.06.06"]
[Round "12"]
[White "Dong, Khanh Linh"]
[Black "Luong, Phuong Hanh"]
[Result "0-1"]
[WhiteTitle "WCM"]
[BlackTitle "WIM"]
[WhiteElo "1970"]
[BlackElo "2229"]
[WhiteFideId "12403040"]
[BlackFideId "12401013"]
[EventDate "2021.06.06"]

1. e4 c5 2. Nf3 e6 3. d4 cxd4 4. Nxd4 a6 5. Nc3 Qc7 6. a3 Nf6 7. Be2 b6 8. O-O
Bb7 9. f3 d6 10. Be3 Nbd7 11. Qe1 Be7 12. Rd1 O-O 13. Qg3 Rac8 14. Qh3 d5 15.
Nxe6 fxe6 16. Qxe6+ Rf7 17. exd5 Nc5 18. Qh3 Rd8 19. Bc4 Bd6 20. Rd4 b5 21. Be2
Bc8 22. Qh4 Bf5 23. Ne4 Ncxe4 24. fxe4 Bg6 25. c3 Bc5 26. Rd3 Bxe3+ 27. Rxe3 Qc5
28. Rf3 Re8 29. Kh1 h6 30. b4 Qd6 31. e5 Rxe5 32. Qg3 Rxd5 33. Qxd6 Rxd6 34. h3
Nd5 35. Re8+ Kh7 36. Rxf7 Bxf7 37. Bd3+ Bg6 38. Bxg6+ Kxg6 39. Re5 Nxc3 40. Rc5
Ne4 41. Rc8 Nf6 42. Kh2 Rd3 43. Rc6 Rxa3 44. g4 Rb3 45. Rxa6 Rxb4 46. Ra7 Nd5
47. Kg3 Kh7 48. Kh4 Rb3 0-1

[Event "Women's Speed Chess Q7"]
[Site "chess.com INT"]
[Date "2021.06.06"]
[Round "12"]
[White "Kazarian, Anna-Maja"]
[Black "Nguyen, Hong Ngoc"]
[Result "1-0"]
[WhiteTitle "FM"]
[BlackTitle "WCM"]
[WhiteElo "2096"]
[BlackElo "1957"]
[WhiteFideId "1033689"]
[BlackFideId "12403083"]
[EventDate "2021.06.06"]

1. e4 c5 2. Nf3 d6 3. d4 cxd4 4. Nxd4 Nf6 5. Nc3 Nc6 6. Be2 Nxd4 7. Qxd4 e5 8.
Qd2 Be6 9. b3 Be7 10. Bb2 O-O 11. O-O Re8 12. f4 exf4 13. Qxf4 d5 14. exd5 Nxd5
15. Nxd5 Qxd5 16. Bc4 Bc5+ 17. Kh1 Qh5 18. Bb5 Rf8 19. Rae1 Qg6 20. Bd3 Qg4 21.
Qe5 Be7 22. h3 f6 23. Qxe6+ Qxe6 24. Rxe6 Bc5 25. Bc4 Kh8 26. Rd1 a6 27. Rd7
Rad8 28. Rxd8 Rxd8 29. g3 h6 30. Bd3 Kg8 31. Kg2 Kf7 32. Re2 b5 33. Kf3 Rd5 34.
a4 bxa4 35. Bc4 Kg6 36. Bxd5 a3 37. Ba1 a5 38. c3 Bd6 39. c4 h5 40. g4 hxg4+ 41.
hxg4 Kg5 42. Re6 Bb4 43. Ra6 f5 44. gxf5 Kxf5 45. Bxg7 a2 46. Ba1 Bd2 47. Be4+
Kg5 48. Rg6+ Kh4 49. Bf6+ Kh5 50. Rg2 Bf4 51. Kxf4 a1=Q 52. Rh2# 1-0

[Event "Women's Speed Chess Q7"]
[Site "chess.com INT"]
[Date "2021.06.06"]
[Round "12"]
[White "Dordzhieva, Dinara"]
[Black "Zakirova, Aisha"]
[Result "0-1"]
[WhiteTitle "WGM"]
[BlackTitle "WCM"]
[WhiteElo "2311"]
[BlackElo "1585"]
[WhiteFideId "24157570"]
[BlackFideId "13719734"]
[EventDate "2021.06.06"]

1. Nf3 Nf6 2. c4 g6 3. g3 Bg7 4. d4 O-O 5. Bg2 d5 6. cxd5 Nxd5 7. O-O c5 8. dxc5
Nb4 9. Nc3 N8c6 10. Bf4 e5 11. Bg5 f6 12. Bd2 Be6 13. a3 Nd5 14. b4 Nxc3 15.
Bxc3 e4 16. Nd4 Nxd4 17. Bxd4 f5 18. Bxg7 Kxg7 19. Qc2 Qf6 20. Rfd1 Rad8 21. f3
e3 22. f4 Rd2 23. Qa4 Qd4 24. Rac1 Bd7 25. Qxa7 Rxd1+ 26. Rxd1 Qxd1+ 27. Bf1 Bc6
28. b5 Bxb5 29. Qxb7+ Qd7 30. Qb6 Qc6 31. Qa7+ Rf7 32. Qa5 Ba6 33. Qc3+ Qf6 34.
Qxe3 Re7 35. Qd2 Qc6 36. Qc3+ Qf6 37. Qd2 Bb5 38. h4 Rd7 39. Qc2 Qd4+ 40. Kh2
Bc6 41. e3 Qd5 42. Qb2+ Kh6 43. Kg1 Qh1+ 44. Kf2 Qh2+ 45. Ke1 Qxb2 0-1

[Event "Women's Speed Chess Q7"]
[Site "chess.com INT"]
[Date "2021.06.06"]
[Round "12"]
[White "Gaponenko, Inna"]
[Black "Eswaran, Ashritha"]
[Result "1-0"]
[WhiteTitle "IM"]
[BlackTitle "WIM"]
[WhiteElo "2357"]
[BlackElo "2244"]
[WhiteFideId "14101181"]
[BlackFideId "2080788"]
[EventDate "2021.06.06"]

1. e4 c5 2. c3 d5 3. exd5 Qxd5 4. d4 g6 5. Nf3 Bg7 6. Na3 cxd4 7. Nb5 Qe4+ 8.
Be2 Na6 9. Nbxd4 Nf6 10. O-O O-O 11. Re1 Qg4 12. Ne5 Qh4 13. g3 Qh3 14. Bf1 Qh5
15. Qxh5 Nxh5 16. Bg2 Rb8 17. Nb5 Nc5 18. Nxa7 Be6 19. Nb5 Rfd8 20. Be3 Na4 21.
Ba7 Rbc8 22. Bxb7 Nxb2 23. Bxc8 Bxc8 24. Nc6 Rf8 25. Nxe7+ Kh8 26. Nxc8 Rxc8 27.
Bd4 Nd3 28. Bxg7+ Kxg7 29. Re3 Nc5 30. a4 Nf6 31. a5 Nd5 32. Re5 Nf6 33. a6 Ncd7
34. Re2 Nb6 35. a7 Na8 36. Rd2 Ne4 37. Rd4 Nc5 38. Rc4 Kf6 39. Nd6 Rc6 40. Rxc5
Rxc5 41. Ne4+ Ke5 42. Nxc5 Kd5 43. Nd7 Kc6 44. Ne5+ Kb7 45. Nxf7 Nc7 46. Ng5 Ka8
47. Nxh7 Nd5 48. h4 Nf6 49. Kg2 Nxh7 50. g4 Nf6 51. Kg3 Ne4+ 52. Kf4 Nxc3 53.
Kg5 Nd5 54. Kxg6 Nf4+ 55. Kf5 Nd3 56. h5 Nxf2 57. h6 Nxg4 58. Kxg4 Kb7 59. a8=Q+
Kc7 60. Qa6 Kd7 61. Rb1 Ke7 62. Rb7+ 1-0

[Event "Women's Speed Chess Q7"]
[Site "chess.com INT"]
[Date "2021.06.06"]
[Round "12"]
[White "Zhou, Qiyu"]
[Black "Chu, Ruotong"]
[Result "0-1"]
[WhiteTitle "FM"]
[BlackTitle "WIM"]
[WhiteElo "2229"]
[BlackElo "2207"]
[WhiteFideId "505161"]
[BlackFideId "8605653"]
[EventDate "2021.06.06"]

1. e4 c5 2. Nf3 e6 3. d4 cxd4 4. Nxd4 Nc6 5. Nc3 Qc7 6. Ndb5 Qb8 7. Be3 Bb4 8.
a3 Ba5 9. Nd6+ Kf8 10. Bb5 Bb6 11. Nxc8 Bxe3 12. fxe3 Qxc8 13. O-O Nge7 14. Qh5
f6 15. e5 Qe8 16. Qh4 Nxe5 17. Ne4 N5g6 18. Qg3 Nf5 19. Qf3 Ne5 20. Qe2 a6 21.
Bd3 Nxd3 22. cxd3 d5 23. Ng3 Nxg3 24. hxg3 Qe7 25. e4 dxe4 26. Qxe4 e5 27. Rae1
Kg8 28. Qd5+ Qf7 29. Qd6 Re8 30. Rc1 h6 31. Rc7 Qe6 32. Qc5 Kh7 33. Rxb7 Rc8 34.
Rc7 Rxc7 35. Qxc7 Rc8 36. Qa7 Qc6 37. Qe3 Qc5 38. Qxc5 Rxc5 39. Rf2 Rd5 40. Rd2
e4 41. d4 e3 42. Rd3 e2 43. Kf2 Rb5 44. Kxe2 Rxb2+ 45. Rd2 Rb3 46. a4 Kg6 47. d5
Kf7 48. d6 Ke8 49. Rd4 Kd7 50. Kf2 Rb6 51. Rg4 g5 52. Rb4 Rxb4 0-1

[Event "Women's Speed Chess Q7"]
[Site "chess.com INT"]
[Date "2021.06.06"]
[Round "12"]
[White "Ambartsumova, Karina"]
[Black "Kashlinskaya, Alina"]
[Result "0-1"]
[WhiteTitle "IM"]
[BlackTitle "IM"]
[WhiteElo "2382"]
[BlackElo "2494"]
[WhiteFideId "4166299"]
[BlackFideId "4198026"]
[EventDate "2021.06.06"]

1. c4 e5 2. Nc3 Bb4 3. Qc2 Nf6 4. Nf3 Nc6 5. a3 Bxc3 6. Qxc3 O-O 7. d3 Qe7 8.
Bg5 h6 9. Bh4 Rd8 10. e3 d5 11. cxd5 Rxd5 12. Be2 Bg4 13. O-O Rad8 14. Rfd1 Qe6
15. h3 Bh5 16. Bxf6 Qxf6 17. Qc2 Bg6 18. Ne1 Qe7 19. Rac1 e4 20. dxe4 Bxe4 21.
Qb3 Rd2 22. Bf3 Qe5 23. Bxe4 Qxe4 24. Nf3 Na5 25. Nxd2 Rxd2 26. Qc3 Rxd1+ 27.
Rxd1 Nc6 28. Qd3 Qa4 29. g3 a5 30. Qe2 Qb3 31. Rf1 Qd5 32. f3 Ne5 33. Rd1 Qb3
34. Kf2 Nc4 35. Rd3 Qb5 36. Rd4 Nd6 37. Qxb5 Nxb5 38. Rd7 Kh7 39. Rd8 Kg6 40.
Rb8 b6 41. Rd8 Kf6 42. Rd2 Ke5 43. e4 Nd6 44. Ke3 Nc4+ 45. Kd3 Nxd2 46. Kxd2 Kd4
47. Ke2 c5 48. Kd2 b5 49. Ke2 c4 50. Kd2 b4 51. axb4 axb4 52. h4 c3+ 53. bxc3+
bxc3+ 54. Kc2 Ke3 55. Kxc3 Kxf3 56. Kd4 Kxg3 57. e5 Kxh4 58. Ke4 0-1

[Event "Women's Speed Chess Q7"]
[Site "chess.com INT"]
[Date "2021.06.06"]
[Round "12"]
[White "Purtseladze, Maka"]
[Black "Tokhirjonova, Gulrukhbegim"]
[Result "0-1"]
[WhiteTitle "IM"]
[BlackTitle "WGM"]
[WhiteElo "2274"]
[BlackElo "2344"]
[WhiteFideId "13602659"]
[BlackFideId "14203626"]
[EventDate "2021.06.06"]

1. b3 d5 2. Bb2 Nf6 3. e3 c6 4. Be2 Bf5 5. Nf3 Nbd7 6. O-O e6 7. Nh4 Bg6 8. Nxg6
hxg6 9. h3 Bd6 10. c4 Qc7 11. Nc3 g5 12. Rc1 Qd8 13. cxd5 exd5 14. d3 Qe7 15. d4
Ne4 16. Nxe4 dxe4 17. d5 c5 18. Bb5 O-O 19. Bxd7 Qxd7 20. Qg4 Qe7 21. Rfd1 f5
22. Qh5 Rae8 23. Qg6 f4 24. Re1 b6 25. Rcd1 Rf7 26. Qe6 Qxe6 27. dxe6 Rxe6 28.
Rd5 fxe3 29. fxe3 Bg3 30. Rf1 Rxf1+ 31. Kxf1 Bh4 32. Re5 Rxe5 33. Bxe5 g4 34.
hxg4 Kf7 35. g3 Bd8 36. Bb8 a6 37. Ke2 g6 38. Kd2 Ke6 39. Kc3 Kd5 40. a4 Bf6+
41. Kc2 b5 42. axb5 axb5 43. Bf4 c4 44. Bb8 Be7 45. Ba7 Bc5 46. Bxc5 Kxc5 47.
Kc3 b4+ 48. Kc2 cxb3+ 49. Kxb3 Kb5 50. g5 Kc5 51. g4 Kb5 52. Kb2 Kc4 53. Kc2 b3+
54. Kd2 Kb4 55. Kc1 Kc3 56. Kb1 Kd3 57. Kb2 Kxe3 58. Kxb3 Kf4 59. Kc4 Kxg4 60.
Kd4 Kf4 61. Kd5 e3 62. Ke6 0-1